Entry Personal Name
Number of records used in: 2
001 - CONTROL NUMBER
003 - CONTROL NUMBER IDENTIFIER
005 - DATE AND TIME OF LATEST TRANSACTION
- control field:
20191231102431.0
008 - FIXED-LENGTH DATA ELEMENTS
- fixed length control field:
810713n| azannaabn |a aaa
010 ## - LIBRARY OF CONGRESS CONTROL NUMBER
- LC control number:
n 81063208
035 ## - SYSTEM CONTROL NUMBER
- System control number:
(OCoLC)oca00608600
040 ## - CATALOGING SOURCE
- Original cataloging agency:
DLC
- Language of cataloging:
eng
- Description conventions:
rda
- Transcribing agency:
DLC
- Modifying agency:
DLC
- Modifying agency:
OCoLC
- Modifying agency:
MdU
- Modifying agency:
DLC
046 ## - SPECIAL CODED DATES
- Birth date:
1910
- Death date:
1993
053 #0 - LC CLASSIFICATION NUMBER
- Classification number element--single number or beginning number of span:
PS3503.O756
100 1# - HEADING--PERSONAL NAME
- Personal name:
Boulding, Kenneth E.
- Fuller form of name:
(Kenneth Ewart),
- Dates associated with a name:
1910-1993
400 1# - SEE FROM TRACING--PERSONAL NAME
- Personal name:
Boulding, K. E.
- Fuller form of name:
(Kenneth Ewart),
- Dates associated with a name:
1910-1993
670 ## - SOURCE DATA FOUND
- Source citation:
His Evolutionary economics, c1981:
- Information found:
t.p. (Kenneth E. Boulding)
670 ## - SOURCE DATA FOUND
- Source citation:
Goehlert, R. U. The writings of Kenneth Boulding, 1982:
- Information found:
t.p. (Kenneth Boulding)
670 ## - SOURCE DATA FOUND
- Source citation:
The structure of a modern economy, 1993:
- Information found:
t.p. (Kenneth E. Boulding; sometime distinguished prof. of Eco., Emeritus, Univ. of Colorado at Boulder) jkt. (d. 1993)
670 ## - SOURCE DATA FOUND
- Source citation:
LC database, July 2, 2010
- Information found:
(hdg.: Boulding, Kenneth Ewart, 1910-1993; usage: Kenneth E. Boulding [predominant form], Kenneth Boulding, K.E. Boulding)